000 00366nam a2200145Ia 4500
008 230718s9999 xx 000 0 und d
041 _aEng.
082 _a340.59
_bعبد-آ
100 _aعبدالرحیم سر
245 0 _aآصول، فقہ اسلام
260 _aPakistan
_bمنصور بک ہائوس
_c2007
300 _a527
650 _aLaw
999 _c27815
_d27815